| 000 | 00340nam a2200133Ia 4500 | ||
|---|---|---|---|
| 008 | 240624s9999 xx 000 0 und d | ||
| 041 | _aeng | ||
| 082 | _a658.4095 PET | ||
| 100 | _aPETERSON JOEL | ||
| 245 | _a10 LAWS OF TRUST BUILDING THE BONDS THAT | ||
| 260 |
_c2016 _aNew York _bAmacom |
||
| 300 | _axv, 126 p.; 23 cm. | ||
| 365 |
_c _b38 |
||
| 999 |
_c31537 _d31537 |
||